[Event "North Bay int"]
[Site "North Bay CAN"]
[Date "1998.08.07"]
[Round "6"]
[White "Whitehead, Jay"]
[Black "Levtchouk, George"]
[Result "1-0"]
[WhiteElo "2410"]
[BlackElo "2330"]
[PlyCount "73"]
[GameId "2160767911806706"]
[EventDate "1998.08.05"]
[EventType "swiss"]
[EventRounds "9"]
[EventCountry "CAN"]
[SourceTitle "EXT 1999"]
[Source "ChessBase"]
[SourceDate "1998.11.10"]
[SourceVersion "1"]
[SourceVersionDate "1998.11.10"]
[SourceQuality "1"]

1. d4 g6 2. e4 Bg7 3. c4 d6 4. Nc3 Nf6 5. Be2 O-O 6. Bg5 c6 7. h4 h6 8. Be3 e5 9. d5 cxd5 10. cxd5 Bd7 11. g4 b5 12. a3 a5 13. g5 hxg5 14. hxg5 Nh7 15. Nxb5 Bxb5 16. Bxb5 Nxg5 17. Qg4 Nh7 18. Qh3 Nf6 19. Bg5 Qc8 20. Qh2 Nh5 21. Be2 Qc2 22. Bxh5 gxh5 23. f3 Qxh2 24. Rxh2 Rc8 25. Rxh5 Nd7 26. Rh2 Nc5 27. Be7 Nb3 28. Rb1 Ra6 29. Rg2 Kh7 30. Ne2 Rc7 31. Bd8 Rc2 32. Kf2 Nd4 33. Rh1+ Bh6 34. Kf1 Nxf3 35. Bf6 Nd2+ 36. Kg1 Nf3+ 37. Kf2 1-0

[Event "North Bay int"]
[Site "North Bay CAN"]
[Date "1998.08.07"]
[Round "6"]
[White "Yee, Lorne"]
[Black "Cormos, Eugene"]
[Result "1/2-1/2"]
[WhiteElo "2263"]
[BlackElo "2095"]
[PlyCount "34"]
[GameId "2160767911806707"]
[EventDate "1998.08.05"]
[EventType "swiss"]
[EventRounds "9"]
[EventCountry "CAN"]
[SourceTitle "EXT 99"]
[Source "ChessBase"]
[SourceDate "1998.11.10"]
[SourceVersion "1"]
[SourceVersionDate "1998.11.10"]
[SourceQuality "1"]

1. d4 d5 2. Bf4 Nf6 3. e3 e6 4. Nf3 Bd6 5. Ne5 O-O 6. Nd2 c5 7. c3 Nc6 8. Qf3 Qc7 9. Nxc6 Qxc6 10. Bd3 Re8 11. Be5 Nd7 12. Bxd6 Qxd6 13. Qh3 Nf6 14. Qg3 Qb6 15. Rb1 Bd7 16. O-O Bb5 17. Bxb5 Qxb5 1/2-1/2

[Event "North Bay int"]
[Site "North Bay CAN"]
[Date "1998.08.08"]
[Round "7"]
[White "Betaneli, Alexander"]
[Black "Urquhart, Eddie"]
[Result "1-0"]
[WhiteElo "2340"]
[BlackElo "2207"]
[PlyCount "89"]
[GameId "2160767911806710"]
[EventDate "1998.08.05"]
[EventType "swiss"]
[EventRounds "9"]
[EventCountry "CAN"]
[SourceTitle "EXT 99"]
[Source "ChessBase"]
[SourceDate "1998.11.10"]
[SourceVersion "1"]
[SourceVersionDate "1998.11.10"]
[SourceQuality "1"]

1. c4 e5 2. g3 f5 3. Bg2 Nf6 4. Nc3 d6 5. e3 Be7 6. Nge2 O-O 7. O-O c6 8. d4 e4 9. Nf4 g5 10. Nh5 Qe8 11. Nxf6+ Bxf6 12. f3 exf3 13. Bxf3 Na6 14. Bg2 h6 15. Bd2 Qg6 16. Qc2 Qg7 17. Kh1 h5 18. Ne2 Qh6 19. b4 Nc7 20. Nc3 Bd7 21. b5 Rae8 22. bxc6 bxc6 23. Rab1 Rf7 24. e4 Bxd4 25. exf5 h4 26. g4 h3 27. Bf3 d5 28. Qc1 Qd6 29. Bxg5 Bxc3 30. Qxc3 dxc4 31. Rbd1 Qc5 32. Rd4 Nb5 33. Rxc4 Nxc3 34. Rxc5 Ne4 35. Bxe4 Rxe4 36. Bf4 Rfe7 37. Kg1 Re2 38. g5 R7e4 39. Bg3 Rg4 40. g6 Bc8 41. f6 Rxg6 42. f7+ Kf8 43. Rh5 Rg8 44. fxg8=Q+ Kxg8 45. Be5 1-0

[Event "North Bay int"]
[Site "North Bay CAN"]
[Date "1998.08.08"]
[Round "7"]
[White "Calton, Bill"]
[Black "Cossette, Daniel"]
[Result "1-0"]
[WhiteElo "2270"]
[BlackElo "2204"]
[PlyCount "81"]
[GameId "2160767911806712"]
[EventDate "1998.08.05"]
[EventType "swiss"]
[EventRounds "9"]
[EventCountry "CAN"]
[SourceTitle "EXT 99"]
[Source "ChessBase"]
[SourceDate "1998.11.10"]
[SourceVersion "1"]
[SourceVersionDate "1998.11.10"]
[SourceQuality "1"]

1. d4 d5 2. Bg5 Nf6 3. Bxf6 gxf6 4. c4 c6 5. e3 Qb6 6. Qd2 Bf5 7. Nc3 e6 8. Nge2 Nd7 9. Ng3 Bg6 10. h4 h6 11. Be2 dxc4 12. Bxc4 f5 13. Nge2 Bd6 14. h5 Bh7 15. a3 Nf6 16. g3 Qc7 17. Nf4 b5 18. Be2 b4 19. axb4 Bxb4 20. O-O Qe7 21. Qd3 a5 22. Na4 Rd8 23. Qa6 Ne4 24. Qxc6+ Kf8 25. Rac1 Bd6 26. Nc5 Rg8 27. Kh2 Kg7 28. Ncd3 Kh8 29. Ne5 f6 30. Neg6+ Bxg6 31. Nxg6+ Rxg6 32. hxg6 h5 33. Bxh5 Kg7 34. Kg2 Rh8 35. Rh1 Ng5 36. Qa6 Rb8 37. Rc8 Rxc8 38. Qxc8 Ne4 39. Bf3 Ng5 40. Qh8+ Kxg6 41. Bh5# 1-0

[Event "North Bay int"]
[Site "North Bay CAN"]
[Date "1998.08.08"]
[Round "7"]
[White "Campbell, Brett"]
[Black "Wenaas, Eric"]
[Result "1/2-1/2"]
[WhiteElo "2200"]
[BlackElo "2080"]
[PlyCount "93"]
[GameId "2160767911806713"]
[EventDate "1998.08.05"]
[EventType "swiss"]
[EventRounds "9"]
[EventCountry "CAN"]
[SourceTitle "EXT 99"]
[Source "ChessBase"]
[SourceDate "1998.11.10"]
[SourceVersion "1"]
[SourceVersionDate "1998.11.10"]
[SourceQuality "1"]

1. e4 e5 2. Nc3 Nf6 3. f4 d5 4. fxe5 Nxe4 5. Nf3 Nc6 6. d3 Nxc3 7. bxc3 d4 8. Be2 Bc5 9. Bb2 Bf5 10. Qd2 O-O 11. Qf4 dxc3 12. Bxc3 Bg6 13. d4 Bb4 14. Qd2 Qe7 15. Rb1 a5 16. O-O Rfd8 17. Kh1 Nxd4 18. Nxd4 c5 19. Nc6 bxc6 20. Qe3 Bxc2 21. Rbc1 Bg6 22. Bc4 Re8 23. Ba1 Rad8 24. Rf2 Qh4 25. Kg1 Qh6 26. Qxh6 gxh6 27. Rcf1 Bd2 28. Rxf7 Be3+ 29. R7f2+ Kg7 30. e6+ Rd4 31. Kh1 Bxf2 32. Rxf2 Rf8 33. Kg1 Rxf2 34. Kxf2 Kf6 35. Ke3 Bf5 36. Bxd4+ cxd4+ 37. Kxd4 Bxe6 38. a4 Bf5 39. Kc5 Bc2 40. Kb6 Bxa4 41. Kxa5 Bc2 42. Kb6 Be4 43. g3 Kg5 44. Be6 Bf5 45. Bxf5 Kxf5 46. Kxc6 Kg4 47. Kd5 1/2-1/2

[Event "North Bay int"]
[Site "North Bay CAN"]
[Date "1998.08.08"]
[Round "7"]
[White "Ciaffone, Robert"]
[Black "Fernandez, Daniel"]
[Result "1/2-1/2"]
[WhiteElo "2205"]
[BlackElo "2145"]
[PlyCount "85"]
[GameId "2160767911806715"]
[EventDate "1998.08.05"]
[EventType "swiss"]
[EventRounds "9"]
[EventCountry "CAN"]
[SourceTitle "EXT 99"]
[Source "ChessBase"]
[SourceDate "1998.11.10"]
[SourceVersion "1"]
[SourceVersionDate "1998.11.10"]
[SourceQuality "1"]

1. e4 c5 2. Nf3 d6 3. d4 cxd4 4. Nxd4 Nf6 5. Nc3 g6 6. Be3 Bg7 7. f3 O-O 8. Qd2 Nc6 9. O-O-O d5 10. exd5 Nxd5 11. Nxc6 bxc6 12. Bd4 e5 13. Bc5 Be6 14. Ne4 Re8 15. h4 Qc7 16. h5 Rad8 17. hxg6 hxg6 18. g4 Nf4 19. Qh2 Rxd1+ 20. Kxd1 Rd8+ 21. Kc1 f6 22. a3 Bd5 23. Bd3 Kf7 24. Rd1 Rh8 25. Qf2 Nh3 26. Qf1 Nf4 27. Kb1 Bf8 28. Bxf8 Rxf8 29. Nc3 Rb8 30. Bc4 Qb6 31. b3 Qc5 32. Bxd5+ cxd5 33. Na4 Qxa3 34. Qa6 Qe7 35. Qc6 d4 36. Nc5 Rb6 37. Qc8 Qe8 38. Qc7+ Qe7 39. Qc8 Qf8 40. Qxf8+ Kxf8 41. Nd7+ Ke7 42. Nxb6 axb6 43. Rh1 1/2-1/2

[Event "North Bay int"]
[Site "North Bay CAN"]
[Date "1998.08.08"]
[Round "7"]
[White "Collins, Chris"]
[Black "Dougherty, Michael"]
[Result "0-1"]
[WhiteElo "2232"]
[BlackElo "2295"]
[PlyCount "124"]
[GameId "2160767911806716"]
[EventDate "1998.08.05"]
[EventType "swiss"]
[EventRounds "9"]
[EventCountry "CAN"]
[SourceTitle "EXT 99"]
[Source "ChessBase"]
[SourceDate "1998.11.10"]
[SourceVersion "1"]
[SourceVersionDate "1998.11.10"]
[SourceQuality "1"]

1. e4 c5 2. Nc3 e6 3. Nf3 Nc6 4. d4 cxd4 5. Nxd4 Nf6 6. Nxc6 bxc6 7. Bd3 Qc7 8. O-O e5 9. h3 Bc5 10. Bg5 d6 11. Qf3 Nd7 12. Bc4 Nb6 13. Bb3 O-O 14. Nd1 a5 15. c3 a4 16. Bc2 Nc4 17. Bxa4 Rxa4 18. b3 f5 19. bxa4 f4 20. Qh5 Qf7 21. Qh4 h6 22. Bxh6 gxh6 23. Qxh6 Qg7 24. Qxg7+ Kxg7 25. Re1 Be6 26. Rb1 Ra8 27. Nb2 Nxb2 28. Rxb2 Rxa4 29. Ra1 Bc4 30. Kh2 Kf6 31. f3 d5 32. exd5 cxd5 33. g3 fxg3+ 34. Kxg3 Ra7 35. a4 d4 36. cxd4 Bxd4 37. Rbb1 Rg7+ 38. Kh2 e4 39. fxe4 Bd3 40. Rf1+ Ke6 41. Rae1 Be5+ 42. Kh1 Bxf1 43. Rxf1 Rg3 44. Kh2 Rg4+ 45. Kh1 Rxe4 46. Kg2 Rxa4 47. Rf3 Bf4 48. Rb3 Kf5 49. Rf3 Ke4 50. Rf2 Ra3 51. Re2+ Be3 52. Rb2 Bd4 53. Re2+ Kf4 54. Rd2 Rg3+ 55. Kh2 Bg1+ 56. Kh1 Kf3 57. Rb2 Bd4 58. Rb3+ Be3 59. Rb2 Rg1+ 60. Kh2 Re1 61. Rb3 Re2+ 62. Kh1 Kg3 0-1

[Event "North Bay int"]
[Site "North Bay CAN"]
[Date "1998.08.08"]
[Round "7"]
[White "Cormos, Eugene"]
[Black "Peredun, Andrew"]
[Result "1/2-1/2"]
[WhiteElo "2095"]
[BlackElo "2234"]
[PlyCount "75"]
[GameId "2160767911806717"]
[EventDate "1998.08.05"]
[EventType "swiss"]
[EventRounds "9"]
[EventCountry "CAN"]
[SourceTitle "EXT 99"]
[Source "ChessBase"]
[SourceDate "1998.11.10"]
[SourceVersion "1"]
[SourceVersionDate "1998.11.10"]
[SourceQuality "1"]

1. e4 e5 2. Nf3 Nc6 3. Bc4 Nf6 4. Ng5 d5 5. exd5 Na5 6. Bb5+ c6 7. dxc6 bxc6 8. Be2 h6 9. Nf3 e4 10. Ne5 Bd6 11. d4 exd3 12. Nxd3 O-O 13. b3 Re8 14. O-O Ne4 15. Bf3 Qc7 16. h3 Ba6 17. c4 Rad8 18. Qc2 Nb7 19. Bxe4 Rxe4 20. Nb4 Rde8 21. Nxa6 Qb6 22. Nc3 Re1 23. Be3 Rxf1+ 24. Rxf1 Qxa6 25. Bd4 Bb4 26. Ne4 c5 27. Ba1 Qg6 28. f3 Nd6 29. Qd3 Nxe4 30. fxe4 Qxe4 31. Qxe4 Rxe4 32. Kf2 Rf4+ 33. Ke2 Rxf1 34. Kxf1 f5 35. Ke2 Kf7 36. Be5 g5 37. Bd6 h5 38. Kf3 1/2-1/2

[Event "North Bay int"]
[Site "North Bay CAN"]
[Date "1998.08.08"]
[Round "7"]
[White "Curdo, John"]
[Black "Djerkovic, Miladin"]
[Result "1-0"]
[WhiteElo "2295"]
[BlackElo "2265"]
[PlyCount "65"]
[GameId "2160767911806718"]
[EventDate "1998.08.05"]
[EventType "swiss"]
[EventRounds "9"]
[EventCountry "CAN"]
[SourceTitle "EXT 99"]
[Source "ChessBase"]
[SourceDate "1998.11.10"]
[SourceVersion "1"]
[SourceVersionDate "1998.11.10"]
[SourceQuality "1"]

1. e4 c5 2. Nf3 d6 3. Bb5+ Nd7 4. c3 Ngf6 5. Qe2 e6 6. d4 cxd4 7. cxd4 d5 8. e5 Ne4 9. O-O Be7 10. Bd3 f5 11. exf6 Ndxf6 12. Ne5 O-O 13. Nc3 Nd6 14. g4 Nd7 15. f4 Ne8 16. Be3 Nxe5 17. fxe5 Bd7 18. Rxf8+ Bxf8 19. Rf1 Nc7 20. Qf3 Qe8 21. Qh3 g6 22. Bg5 b5 23. Nd1 b4 24. Bh6 Be7 25. g5 Bb5 26. Bxb5 Qxb5 27. Qf3 Qe8 28. Ne3 Nb5 29. Ng4 Kh8 30. Qf7 Qxf7 31. Rxf7 Re8 32. Bg7+ Kg8 33. Nh6# 1-0

[Event "North Bay int"]
[Site "North Bay CAN"]
[Date "1998.08.08"]
[Round "7"]
[White "Divljan, Igor"]
[Black "Remedios, Russell"]
[Result "1-0"]
[WhiteElo "2181"]
[BlackElo "2171"]
[PlyCount "67"]
[GameId "2160767911806720"]
[EventDate "1998.08.05"]
[EventType "swiss"]
[EventRounds "9"]
[EventCountry "CAN"]
[SourceTitle "EXT 99"]
[Source "ChessBase"]
[SourceDate "1998.11.10"]
[SourceVersion "1"]
[SourceVersionDate "1998.11.10"]
[SourceQuality "1"]

1. d4 Nf6 2. c4 e6 3. Nc3 Bb4 4. Qc2 Nc6 5. Nf3 d5 6. Bg5 h6 7. Bh4 g5 8. Bg3 g4 9. Ne5 Nxd4 10. Qd2 dxc4 11. e3 Nc6 12. Qxd8+ Nxd8 13. O-O-O Bd7 14. Bh4 Bxc3 15. bxc3 Nd5 16. Nxd7 Kxd7 17. e4 c6 18. exd5 cxd5 19. Bxc4 Rc8 20. Bb5+ Nc6 21. c4 a6 22. cxd5 axb5 23. dxc6+ Kxc6 24. Kb2 Kb6 25. Rd7 f5 26. Rhd1 Rc6 27. Bd8+ Ka6 28. R1d3 b4 29. a3 bxa3+ 30. Rxa3+ Kb5 31. Rxb7+ Kc5 32. Rc3+ Kd6 33. Be7+ Kd5 34. Rd7+ 1-0

[Event "North Bay int"]
[Site "North Bay CAN"]
[Date "1998.08.08"]
[Round "7"]
[White "Dutton, Warren"]
[Black "Wen, Jean-Francois"]
[Result "1-0"]
[WhiteElo "2025"]
[BlackElo "2217"]
[PlyCount "78"]
[GameId "2160767911806721"]
[EventDate "1998.08.05"]
[EventType "swiss"]
[EventRounds "9"]
[EventCountry "CAN"]
[SourceTitle "EXT 99"]
[Source "ChessBase"]
[SourceDate "1998.11.10"]
[SourceVersion "1"]
[SourceVersionDate "1998.11.10"]
[SourceQuality "1"]

1. e4 g6 2. f4 Bg7 3. Nf3 d6 4. d4 c6 5. c4 Nd7 6. Nc3 a6 7. a4 e5 8. fxe5 dxe5 9. d5 cxd5 10. cxd5 Ngf6 11. Be2 O-O 12. h3 Nh5 13. O-O Qb6+ 14. Kh2 Nf4 15. Bc4 Qb4 16. Nd2 Nc5 17. Qc2 Qa5 18. Rb1 Qb4 19. b3 f5 20. g3 fxe4 21. gxf4 e3 22. d6+ Ne6 23. Nd5 Qxd6 24. Ne4 Qb8 25. Bxe3 Kh8 26. Nb6 exf4 27. Bf2 Nd4 28. Bxd4 f3+ 29. Ng3 Bxd4 30. Nxa8 Qf4 31. Qe4 Qd2+ 32. Ne2 Bg7 33. Rbd1 Qg5 34. Rxf3 Bf5 35. Qf4 Qe7 36. Re3 Qc5 37. Rd5 Qc6 38. Nc7 Be6 39. Rd6 Qxc7 1-0

[Event "North Bay int"]
[Site "North Bay CAN"]
[Date "1998.08.08"]
[Round "7"]
[White "Feldman, Steven"]
[Black "Jackson, Richard"]
[Result "1/2-1/2"]
[WhiteElo "2325"]
[BlackElo "2220"]
[PlyCount "80"]
[GameId "2160767911806723"]
[EventDate "1998.08.05"]
[EventType "swiss"]
[EventRounds "9"]
[EventCountry "CAN"]
[SourceTitle "EXT 99"]
[Source "ChessBase"]
[SourceDate "1998.11.10"]
[SourceVersion "1"]
[SourceVersionDate "1998.11.10"]
[SourceQuality "1"]

1. d4 Nf6 2. c4 g6 3. Nc3 Bg7 4. Nf3 O-O 5. g3 d6 6. Bg2 Nc6 7. O-O e5 8. d5 Ne7 9. e4 Ne8 10. Ne1 f5 11. Nd3 Nf6 12. Bg5 h6 13. Bxf6 Bxf6 14. f4 exf4 15. Nxf4 Be5 16. Ne6 Bxe6 17. dxe6 c6 18. Qd2 Kg7 19. Rad1 Rf6 20. Bh3 Qg8 21. exf5 gxf5 22. c5 Rd8 23. cxd6 Rxd6 24. Qe3 Qxe6 25. Qf2 Qc4 26. Kh1 Bd4 27. Qc2 Bxc3 28. bxc3 Qe4+ 29. Qxe4 fxe4 30. Rxd6 Rxd6 31. Re1 Ng8 32. Rxe4 Rd1+ 33. Kg2 Rd2+ 34. Kf3 Rxh2 35. Bc8 Rc2 36. Bxb7 Rxc3+ 37. Re3 Rxe3+ 38. Kxe3 Kf6 39. Bxc6 Ne7 40. Bb7 Ke5 1/2-1/2

[Event "North Bay int"]
[Site "North Bay CAN"]
[Date "1998.08.08"]
[Round "7"]
[White "Friedman, Josef"]
[Black "Huber, Gregory"]
[Result "1/2-1/2"]
[WhiteElo "2195"]
[BlackElo "2265"]
[PlyCount "54"]
[GameId "2160767911806724"]
[EventDate "1998.08.05"]
[EventType "swiss"]
[EventRounds "9"]
[EventCountry "CAN"]
[SourceTitle "EXT 1999"]
[Source "ChessBase"]
[SourceDate "1998.11.10"]
[SourceVersion "1"]
[SourceVersionDate "1998.11.10"]
[SourceQuality "1"]

1. e4 c5 2. Nf3 d6 3. Bb5+ Nd7 4. d4 cxd4 5. Qxd4 e6 6. O-O Ngf6 7. Bg5 Be7 8. Nc3 O-O 9. Rfe1 Qc7 10. Rad1 Rd8 11. Qd2 Ne5 12. Nxe5 dxe5 13. Qe2 a6 14. Rxd8+ Qxd8 15. Bd3 Bd7 16. Nd1 Qa5 17. a3 Qb6 18. Be3 Bc5 19. f3 Rc8 20. Bxc5 Qxc5+ 21. Qe3 Qa5 22. Nf2 Bb5 23. Rd1 h6 24. Qe2 Bxd3 25. Nxd3 Nd7 26. Qf2 f6 27. Ne1 Qc7 1/2-1/2

[Event "North Bay int"]
[Site "North Bay CAN"]
[Date "1998.08.08"]
[Round "7"]
[White "Gamback, Bjorn"]
[Black "Southam, David"]
[Result "1-0"]
[WhiteElo "2215"]
[BlackElo "2155"]
[PlyCount "51"]
[GameId "2160767911806725"]
[EventDate "1998.08.05"]
[EventType "swiss"]
[EventRounds "9"]
[EventCountry "CAN"]
[SourceTitle "EXT 99"]
[Source "ChessBase"]
[SourceDate "1998.11.10"]
[SourceVersion "1"]
[SourceVersionDate "1998.11.10"]
[SourceQuality "1"]

1. e4 e6 2. d4 d5 3. e5 c5 4. Nf3 cxd4 5. Bd3 Nc6 6. O-O g6 7. Bf4 Bg7 8. Nbd2 f6 9. Re1 fxe5 10. Nxe5 Nxe5 11. Bxe5 Bxe5 12. Rxe5 Qf6 13. Bb5+ Kf7 14. Nf3 a6 15. Ba4 b5 16. Bb3 Ne7 17. Qd2 Nc6 18. Re2 h6 19. Rae1 Bd7 20. Ne5+ Nxe5 21. Rxe5 Raf8 22. Qxd4 Kg7 23. c3 Rf7 24. Bc2 Rc8 25. Bd3 a5 26. f3 1-0

[Event "North Bay int"]
[Site "North Bay CAN"]
[Date "1998.08.08"]
[Round "7"]
[White "Gardner, Robert"]
[Black "Saleh, Maher"]
[Result "1/2-1/2"]
[WhiteElo "2185"]
[BlackElo "2220"]
[PlyCount "77"]
[GameId "2160767911806726"]
[EventDate "1998.08.05"]
[EventType "swiss"]
[EventRounds "9"]
[EventCountry "CAN"]
[SourceTitle "EXT 99"]
[Source "ChessBase"]
[SourceDate "1998.11.10"]
[SourceVersion "1"]
[SourceVersionDate "1998.11.10"]
[SourceQuality "1"]

1. e4 Nf6 2. e5 Nd5 3. d4 d6 4. c4 Nb6 5. exd6 cxd6 6. Be3 g6 7. Bd3 Bg7 8. Nd2 Nc6 9. Ngf3 Bg4 10. h3 Bxf3 11. Nxf3 O-O 12. Rc1 d5 13. c5 Nc4 14. Bxc4 dxc4 15. O-O Qd5 16. Qd2 Rfd8 17. Rfd1 e5 18. dxe5 Qxd2 19. Rxd2 Nxe5 20. Nxe5 Bxe5 21. Re2 Rd3 22. Bh6 Rd5 23. Kf1 Rxc5 24. b4 Rd5 25. Rxc4 Rd1+ 26. Re1 Rxe1+ 27. Kxe1 Rd8 28. f4 Bd6 29. Ke2 f6 30. g4 Kf7 31. h4 b5 32. Rc6 Re8+ 33. Kf3 Bxb4 34. g5 f5 35. h5 Re6 36. Rc7+ Re7 37. Rc6 Re6 38. Rc7+ Re7 39. Rc6 1/2-1/2

[Event "North Bay int"]
[Site "North Bay CAN"]
[Date "1998.08.08"]
[Round "7"]
[White "Goldenberg, Danny"]
[Black "Ellis, James"]
[Result "1-0"]
[WhiteElo "2325"]
[BlackElo "2271"]
[PlyCount "49"]
[GameId "2160767911806727"]
[EventDate "1998.08.05"]
[EventType "swiss"]
[EventRounds "9"]
[EventCountry "CAN"]
[SourceTitle "EXT 99"]
[Source "ChessBase"]
[SourceDate "1998.11.10"]
[SourceVersion "1"]
[SourceVersionDate "1998.11.10"]
[SourceQuality "1"]

1. e4 c5 2. Nf3 d6 3. d4 cxd4 4. Nxd4 Nf6 5. Nc3 g6 6. Be3 Bg7 7. f3 O-O 8. Bc4 Nc6 9. Bb3 Bd7 10. h4 Nxd4 11. Bxd4 b5 12. h5 b4 13. Nd5 e6 14. Nxf6+ Bxf6 15. Bxf6 Qxf6 16. Qxd6 Qxb2 17. Rd1 Qc3+ 18. Kf2 Bb5 19. hxg6 hxg6 20. Rh6 Kg7 21. Rdh1 Rad8 22. Rh7+ Kf6 23. Rxf7+ Kxf7 24. Qxe6+ Kg7 25. Qe7+ 1-0

[Event "North Bay int"]
[Site "North Bay CAN"]
[Date "1998.08.08"]
[Round "7"]
[White "Larochelle, Martial"]
[Black "Howarth, Anthony"]
[Result "0-1"]
[WhiteElo "2282"]
[BlackElo "2214"]
[PlyCount "106"]
[GameId "2160767911806730"]
[EventDate "1998.08.05"]
[EventType "swiss"]
[EventRounds "9"]
[EventCountry "CAN"]
[SourceTitle "EXT 99"]
[Source "ChessBase"]
[SourceDate "1998.11.10"]
[SourceVersion "1"]
[SourceVersionDate "1998.11.10"]
[SourceQuality "1"]

1. e4 g6 2. d4 Bg7 3. Nc3 d6 4. f4 Nf6 5. Nf3 c5 6. dxc5 Qa5 7. Bd3 Qxc5 8. Qe2 O-O 9. Be3 Qa5 10. O-O Bg4 11. h3 Bxf3 12. Qxf3 Nc6 13. a3 Nd7 14. Bd2 Qb6+ 15. Kh1 Nc5 16. Rab1 Rac8 17. Nd5 Qd8 18. Bc3 Bxc3 19. Nxc3 Nxd3 20. cxd3 e6 21. f5 Qh4 22. f6 a6 23. Qe3 g5 24. d4 Kh8 25. Ne2 Rg8 26. Rbc1 g4 27. Rc3 d5 28. e5 Rg5 29. Ng1 gxh3 30. Nxh3 Rcg8 31. Rf4 Rg4 32. Rxg4 Qxg4 33. Qf3 Qxd4 34. Qh5 Qg4 35. Qxg4 Rxg4 36. Nf2 Rg5 37. Nd3 h6 38. Nc5 d4 39. Rh3 Kh7 40. Nxb7 Rxe5 41. Nd6 Kg6 42. Ne8 Rh5 43. Kg1 Rxh3 44. gxh3 a5 45. Kf1 Kf5 46. b3 e5 47. Ke2 Nd8 48. b4 axb4 49. axb4 Nb7 50. Kd3 Ke6 51. b5 Kd7 52. Ng7 Nd6 53. h4 Kc7 0-1

[Event "North Bay int"]
[Site "North Bay CAN"]
[Date "1998.08.08"]
[Round "7"]
[White "Morrell, Gordon"]
[Black "St Amand, Paul Jr"]
[Result "1/2-1/2"]
[WhiteElo "2130"]
[BlackElo "2220"]
[PlyCount "39"]
[GameId "2160767911806733"]
[EventDate "1998.08.05"]
[EventType "swiss"]
[EventRounds "9"]
[EventCountry "CAN"]
[SourceTitle "EXT 1999"]
[Source "ChessBase"]
[SourceDate "1998.11.10"]
[SourceVersion "1"]
[SourceVersionDate "1998.11.10"]
[SourceQuality "1"]

1. Nf3 c5 2. e4 d6 3. d4 cxd4 4. Qxd4 Nc6 5. Bb5 Bg4 6. Qd3 a6 7. Bxc6+ bxc6 8. O-O e6 9. c4 Qc7 10. Nd4 c5 11. Nc2 Ne7 12. f4 f6 13. Nc3 Nc6 14. Kh1 Bh5 15. b3 Rb8 16. Bb2 Rb7 17. Rac1 Be7 18. f5 e5 19. Nd5 Qd8 20. Nc3 1/2-1/2

[Event "North Bay int"]
[Site "North Bay CAN"]
[Date "1998.08.08"]
[Round "7"]
[White "Olszewski, Piotr"]
[Black "Whitehead, Jay"]
[Result "1/2-1/2"]
[WhiteElo "2315"]
[BlackElo "2410"]
[PlyCount "172"]
[GameId "2160767911806735"]
[EventDate "1998.08.05"]
[EventType "swiss"]
[EventRounds "9"]
[EventCountry "CAN"]
[SourceTitle "EXT 1999"]
[Source "ChessBase"]
[SourceDate "1998.11.10"]
[SourceVersion "1"]
[SourceVersionDate "1998.11.10"]
[SourceQuality "1"]

1. d4 Nf6 2. g3 d5 3. Bg2 c6 4. Nf3 Bf5 5. O-O Nbd7 6. b3 e6 7. c4 a5 8. Nc3 h6 9. Bb2 Bd6 10. Nd2 O-O 11. e4 dxe4 12. Ndxe4 Be7 13. Nxf6+ Bxf6 14. Qd2 Nc5 15. Rad1 Nd3 16. Ba3 Qxd4 17. Bxf8 Qxc3 18. Qxc3 Bxc3 19. Ba3 a4 20. b4 Nxb4 21. Bxb4 Bxb4 22. Rd7 Rb8 23. Rfd1 a3 24. Rd8+ Rxd8 25. Rxd8+ Kh7 26. Bf1 Bc5 27. Bd3 Bxd3 28. Rxd3 b5 29. cxb5 cxb5 30. Rc3 Bd6 31. Rc6 Bf8 32. Rc8 Bd6 33. Rc6 Bf8 34. Rc8 Kg8 35. Rb8 b4 36. f4 g5 37. Kf2 Kg7 38. Kf3 f5 39. h3 Kf7 40. Rb7+ Kf6 41. Rc7 Bd6 42. Rd7 Bc5 43. Rc7 Bd4 44. Rb7 Bc5 45. Rc7 Bd6 46. Rd7 Be7 47. Rb7 gxf4 48. gxf4 Kf7 49. Ke3 Kf6 50. Kf3 h5 51. Rc7 h4 52. Rb7 Kf7 53. Ke3 Ke8 54. Kd4 Bd6 55. Kc4 Bxf4 56. Kxb4 Bd6+ 57. Kc4 Be5 58. Ra7 Bb2 59. Kd3 Kf8 60. Ke2 Bc1 61. Kd1 Bb2 62. Ke2 Kg8 63. Re7 e5 64. Ra7 Kf8 65. Rb7 Kg8 66. Ra7 Kf8 67. Rh7 Kg8 68. Rh5 f4 69. Rxh4 Kg7 70. Kf3 Kg6 71. Ke4 Kg5 72. Rg4+ Kh5 73. Rxf4 exf4 74. Kxf4 Kh4 75. Ke4 Bg7 76. Kd3 Kg3 77. h4 Kf2 78. Kc2 Ke3 79. h5 Kd4 80. Kb3 Bf8 81. h6 Bxh6 82. Kxa3 Kc4 83. Kb2 Bd2 84. a4 Ba5 85. Ka3 Kc3 86. Ka2 Kc2 1/2-1/2

[Event "North Bay int"]
[Site "North Bay CAN"]
[Date "1998.08.08"]
[Round "7"]
[White "Palsson, Halldor"]
[Black "Yee, Lorne"]
[Result "0-1"]
[WhiteElo "2145"]
[BlackElo "2263"]
[PlyCount "72"]
[GameId "2160767911806737"]
[EventDate "1998.08.05"]
[EventType "swiss"]
[EventRounds "9"]
[EventCountry "CAN"]
[SourceTitle "EXT 99"]
[Source "ChessBase"]
[SourceDate "1998.11.10"]
[SourceVersion "1"]
[SourceVersionDate "1998.11.10"]
[SourceQuality "1"]

1. d4 Nf6 2. c4 e6 3. Nc3 Bb4 4. Qc2 O-O 5. a3 Bxc3+ 6. Qxc3 Ne4 7. Qc2 f5 8. Nf3 b6 9. g3 Bb7 10. Bg2 Qc8 11. O-O d6 12. b4 Nd7 13. Bb2 Ndf6 14. c5 Qe8 15. Rac1 Rc8 16. c6 Ba6 17. a4 Rd8 18. b5 Bc8 19. Ra1 Qh5 20. Bc1 h6 21. a5 g5 22. axb6 axb6 23. e3 Qg6 24. Ra7 Rf7 25. Nd2 g4 26. Bb2 Nxd2 27. Qxd2 Ne4 28. Bxe4 fxe4 29. d5 e5 30. Ra8 Rdf8 31. Bc3 h5 32. Ra4 h4 33. Raa1 Rf3 34. Kg2 Qf6 35. Ra7 h3+ 36. Kg1 Rxg3+ 0-1

[Event "North Bay int"]
[Site "North Bay CAN"]
[Date "1998.08.08"]
[Round "7"]
[White "Puri, Vinny"]
[Black "Rajlich, Vasik"]
[Result "0-1"]
[WhiteElo "2260"]
[BlackElo "2270"]
[PlyCount "74"]
[GameId "2160767911806738"]
[EventDate "1998.08.05"]
[EventType "swiss"]
[EventRounds "9"]
[EventCountry "CAN"]
[SourceTitle "EXT 1999"]
[Source "ChessBase"]
[SourceDate "1998.11.10"]
[SourceVersion "1"]
[SourceVersionDate "1998.11.10"]
[SourceQuality "1"]

1. c4 Nf6 2. Nc3 g6 3. e4 d6 4. d4 Bg7 5. f3 O-O 6. Be3 c5 7. Nge2 Nc6 8. Qd2 cxd4 9. Nxd4 Nxd4 10. Bxd4 Nd7 11. Bxg7 Kxg7 12. g4 Ne5 13. Be2 h6 14. h4 Nc6 15. f4 e5 16. f5 a6 17. O-O-O Nd4 18. Nd5 b5 19. Qe3 Re8 20. g5 h5 21. Bxh5 gxh5 22. Nf6 Bb7 23. Nxh5+ Kf8 24. g6 Qc7 25. Rxd4 exd4 26. Qg5 Qxc4+ 27. Kb1 Bxe4+ 28. Ka1 fxg6 29. fxg6 Re6 30. g7+ Kg8 31. Rc1 Qa4 32. b3 Qa3 33. Rf1 Qc5 34. Rf8+ Rxf8 35. gxf8=Q+ Kxf8 36. Qd8+ Kf7 37. Qd7+ Re7 0-1